| 000 | 00667nam a2200241Ia 4500 | ||
|---|---|---|---|
| 003 | OSt | ||
| 005 | 20221006160625.0 | ||
| 006 | a|||||r|||| 00| 0 | ||
| 007 | ta | ||
| 008 | 221006b |||||||| |||| 00| 0 kor d | ||
| 020 |
_a8803581194517 _c£35.67 (Total) |
||
| 024 | _a45,775 | ||
| 037 |
_bGift, KCC (Window on Korea) _cAudio |
||
| 040 |
_aEASL _cEASL _bkor |
||
| 041 |
_2kor _akor |
||
| 082 | _aCD00191-192 | ||
| 245 | 0 | _a2012 2NE1 Global Tour New Evolution in Seoul = K-pop | |
| 300 |
_ap. _ccm. |
||
| 490 | _v V.2 KCD | ||
| 650 |
_aCD _9674492 |
||
| 942 |
_hCD00191-192 _cAUD _2CC |
||
| 999 |
_c1113867 _d1113867 |
||